000 00856nam1a22002651i 4500
001 v19\rc\1703737
005 20240723122923.0
035 _a(NLR Aleph) 004805089
090 _a4869285
_c4869285
100 _a20061002g18981912|||y0rusy50 ca
101 0 _arus
102 _aRU
105 _a z |||||
200 1 _aСборник циркуляров волынских губернских учреждений по разным частям административного управления...
205 _aНеофиц. изд.
210 _aЖитомир
_cГуб. тип.
_d1898-1912
215 _d26
801 0 _aRU
_bNLR
_gpsbo
801 0 _aRU
_bRuMoRGB
_2psbo
801 1 _aRU
_bProSoft-M
_2rusmarc
852 _aNLR
_jШифры разные
899 _aRuMoRGB
_jG 81/39
899 _aRuMoRGB
_jU 305/69
899 _aБАН
942 _cBOOK